Za básnikom

Bibliographic Details
Main Author: Pankúchová, Daniela (Author)
Format: Article
Language:Slovak
Subjects:

MARC

LEADER 00000nab a2200000 a 4500
001 vtls000136014
003 SK-MaSNL
005 20260303025523.0
008 111104c1982 xo 0 slo
015 |a SNBRB19rr/mm-uuuuu 
035 |a CL0146120 
040 |a SNKBUCL  |b slo  |c SNKBUCL  |e AACR2 
041 0 |a slo 
044 |a xo  |c SK 
080 |a 885.4-1  |2 1981 
080 |a 929 Plávka, Andrej  |2 1981 
100 1 |a Pankúchová, Daniela  |4 aut  |9 924205 
245 1 0 |a Za básnikom  |c Daniela Pankúchová 
600 1 7 |a Plávka, Andrej,  |d 1907-1982  |2 snkbucl  |9 184132 
650 0 7 |a básne dedikačné  |2 snkbucl  |9 893927 
655 7 |a články z novín a časopisov  |2 snkbucl  |9 267496 
655 7 |a články z odboru literárna veda a krásna literatúra  |2 snkbucl  |9 770045 
773 0 |t Nové slovo mladých  |g Roč. 5, č. 8 (1982), s. 3 
850 |a Slovenská národná knižnica v Martine  |a MTA001 
852 |a SNK  |b KIS3GCP 
958 |a RK 
958 |a LX 
992 |a RBX 
999 |c 1646837  |d 1648767